000 00664nam a22001937a 4500
003 SEM
005 20220608073301.0
008 160524b xxu||||| |||| 00| 0 germ d
020 _a9783930341832
040 _a ՍԷՄ
_c ՍԷՄ
041 _agerm.
245 _aInnenansichten unseres Parlaments.
_bDer achtzehnte Deutsche Bundestag /
_cDeutscher Bundestag, Referat Öffentlichkeitsarbeit /hrsgb./
260 _aBerlin:
_bDeutscher Bundestag,
_c2014.
300 _a317 S.;
_bcol. ill.;
_c30 cm.
650 _aGerman parliament
_xalbum
650 _aBundestag
_xalbum
710 _aDeutscher Bundestag, Referat Öffentlichkeitsarbeit
_4hrsgb.
942 _2udc
_cBK
999 _c64743
_d64743